El Parlamento europeo
שמור ב:
| מחבר תאגידי: | |
|---|---|
| פורמט: | Texto |
| יצא לאור: |
Luxemburgo:
Secretariado General del Parlamento Europeo
|
| תגים: |
הוספת תג
אין תגיות, היה/י הראשונ/ה לתייג את הרשומה!
|
MARC
| LEADER | 00000 a a2200000 04500 | ||
|---|---|---|---|
| 001 | 24368 | ||
| 003 | |||
| 040 | |||
| 090 | |a 166700 | ||
| 110 | |a Comisión de las Comunidades Europeas | ||
| 245 | |a El Parlamento europeo | ||
| 260 | |a Luxemburgo: |b Secretariado General del Parlamento Europeo | ||
| 300 | |a 27 p. |b il. | ||
| 999 | |c 12798 |d 12798 | ||
